000 00965nas a2200289 4500
001 BR9204115
003 BR-BrBNA
005 20231205092706.0
007 ta
008 230509b bl.|||p| |||| 00| 00por d
040 _aBR-BrBNA
_bpor
_cBiblioteca Nacional de Agricultura
041 _a(Pt)
072 _aH20; F03
100 1 _aLopes, M.E.B.M.
100 1 _aBarbosa, M.V.
100 1 _aHirai, L.T.
245 1 _aEficiencia de fungicidas no controle de fungos associados a sementes de trigo (Triticum aestivum L.)em condicoes de laboratorio
246 1 _aFungicide efficiency in the control of Helminthosporium sativum in wheat seeds under laboratory conditions
650 _aTRIGO
650 _aSEMENTE
650 _aHELMINTOSPORIOSE
650 _aFUNGICIDA
650 _aCONTROLE QUIMICO
773 0 _tPoliagro (Brazil)
_xISSN 0100-3461
_g(1991), v. 10(1) p. 19-28
_wBR9204115
909 _a202311
_bLúcia
_c55
_dLúcia Elande
942 _2AGRIS
_n0
_cANA
999 _c133443
_d133443